000 00444nam a2200133 4500
008 150924b xxu||||| |||| 00| 0 eng d
020 _a9789966462701
050 _aPR 9381.9 .M28C6 1996
100 _aMacgoye, Marjorie O.
_d1996
245 _aComing to birth:
_cMarjorie, Macgoye O.
260 _aNairobi:
_bEast African publishers limited,
_c1996.
300 _aiv, 150 p.
942 _2lcc
_cSH_L_BOOKS
_hPR 9381.9 .M28C6 1996
_041
999 _c6414
_d6414